Riconosci il Pokémon - Quiz n°541 - Statistics

Statistiche generali
  • Questo quiz è stato fatto 1 volte
  • Il punteggio medio è 1 su 10
Statistiche sulle risposte
Indizio Risposta % Corretto
Generazione Terza
100%
Altezza 1,0 m
0%
Tasso di cattura 180 (33.8%)
0%
Sesso 75% ♂, 25% ♀
0%
Peso 86,4 kg
0%
Tasso di allevamento Fluttuante
0%
Stadio evoluzione Forma Base
0%
Abilità Grassospesso; Dentristretti; Forzabruta
0%
Tipo Lotta
0%
Pokémon Makuhita
0%
Nessun quiz corrispondente trovato
Distribuzione punteggi
Percentuale di utenti per punteggio
Percentile per numero di risposta
I tuoi punteggi nel tempo
Non hai fatto questo quiz